Loading...
| Philosophy | 0 | 9 | 0 | 0 | 90 | 49 | 88.78 | 1 | 8 | 0.00 | 0.00 |
| Literature - World | 0 | 7 | 1 | 1 | 65 | 80 | 114.71 | 1 | 4 | 0.00 | 0.00 |
| Literature - British | 0 | 6 | 0 | 1 | 60 | 74 | 101.83 | 2 | 5 | 0.00 | 0.00 |
| Literature - European | 0 | 6 | 1 | 0 | 55 | 94 | 117.50 | 0 | 4 | 0.00 | 0.00 |
| Literature - American | 0 | 6 | 2 | 1 | 50 | 114 | 121.17 | 1 | 1 | 0.00 | 0.00 |
| Religion | 0 | 5 | 1 | 0 | 45 | 40 | 65.60 | 3 | 5 | 0.00 | 0.00 |
| Fine Arts - Painting & Sculpture | 0 | 4 | 0 | 0 | 40 | 86 | 110.00 | 2 | 4 | 0.00 | 0.00 |
| Other | 0 | 3 | 0 | 1 | 30 | 20 | 83.67 | 2 | 2 | 0.00 | 0.00 |
| History - American | 0 | 3 | 0 | 0 | 30 | 74 | 100.33 | 0 | 2 | 0.00 | 0.00 |
| History - World | 0 | 3 | 0 | 1 | 30 | 113 | 120.00 | 1 | 1 | 0.00 | 0.00 |
| History - European | 0 | 3 | 1 | 0 | 25 | 57 | 86.00 | 2 | 3 | 0.00 | 0.00 |
| Mythology | 0 | 2 | 0 | 1 | 20 | 122 | 136.00 | 0 | 1 | 0.00 | 0.00 |
| Social Science | 0 | 2 | 1 | 0 | 15 | 50 | 75.50 | 1 | 2 | 0.00 | 0.00 |
| Science - Biology | 0 | 1 | 0 | 0 | 10 | 98 | 98.00 | 1 | 1 | 0.00 | 0.00 |
| Science - Physics | 0 | 1 | 0 | 1 | 10 | 140 | 140.00 | 0 | 0 | 0.00 | 0.00 |
| History - Other | 0 | 1 | 3 | 1 | -5 | 143 | 143.00 | 0 | 1 | 0.00 | 0.00 |